书目信息 |
| 题名: |
48天突破托业800分
|
|
| 作者: | 果佳 主编 | |
| 分册: | 阅读篇 (21天) | |
| 出版信息: | 大连 大连理工大学出版社 2014 |
|
| 页数: | 306页 | |
| 开本: | 26cm | |
| 丛书名: | ||
| 单 册: | ||
| 中图分类: | H310.41 , H319.37 | |
| 科图分类: | ||
| 主题词: | 英语--ying yu--水平考试--自学参考资料 , 英语--ying yu--阅读教学--水平考试--自学参考资料 | |
| 电子资源: | ||
| ISBN: | 978-7-5611-9496-6 | |
| 000 | 00988nam 2200289 450 | |
| 001 | 012001010689 | |
| 005 | 20131102162053.0 | |
| 010 | @a978-7-5611-9496-6@dCNY39.00 | |
| 099 | @aCAL 012015019292 | |
| 100 | @a20141217d2014 em y0chiy50 ea | |
| 101 | 0 | @achi@aeng |
| 102 | @aCN@b210000 | |
| 105 | @ay z 000yy | |
| 106 | @ar | |
| 200 | 1 | @a48天突破托业800分@A48 tian tu po tuo ye 800 fen@i阅读篇 (21天)@f果佳主编 |
| 210 | @a大连@c大连理工大学出版社@d2014 | |
| 215 | @a306页@d26cm | |
| 330 | @a本书分析托业考试阅读的3种类型、每种题型的出题思路和解题方法,同时配备讲解和重点、要点范围,提升考生阅读能力。 | |
| 333 | @a本书适用于托业考试备考人员 | |
| 517 | 1 | @a阅读篇 (21天)@AYue Du Pian (21 Tian ) |
| 606 | 0 | @a英语@Aying yu@x水平考试@j自学参考资料 |
| 606 | 0 | @a英语@Aying yu@x阅读教学@x水平考试@j自学参考资料 |
| 690 | @aH310.41@v5 | |
| 690 | @aH319.37@v5 | |
| 701 | 0 | @a果佳@Aguo jia@4主编 |
| 801 | 2 | @aCN@b上海新华@c20191020 |
| 905 | @b1182275-6@dH310.41@e1744@f2 | |
| 48天突破托业800分.阅读篇 (21天)/果佳主编.-大连:大连理工大学出版社,2014 |
| 306页;26cm |
| 使用对象:本书适用于托业考试备考人员 |
| ISBN 978-7-5611-9496-6:CNY39.00 |
| 本书分析托业考试阅读的3种类型、每种题型的出题思路和解题方法,同时配备讲解和重点、要点范围,提升考生阅读能力。 |
| ● |
| 相关链接 |
|
|
|
|
正题名:48天突破托业800分
索取号:H310.41/1744
 
预约/预借
| 序号 | 登录号 | 条形码 | 馆藏地/架位号 | 状态 | 备注 |
| 1 | 1182275 | 211822759 | 第二样本阅览室/ [索取号:H310.41/1744] | 在馆 | |
| 2 | 1182276 | 211822768 | 第四借阅区/ [索取号:H310.41/1744] | 在馆 |